| 000 | 00443pab a2200157 454500 | ||
|---|---|---|---|
| 008 | 180718b1997 xxu||||| |||| 00| 0 eng d | ||
| 100 | _aWood, Douglas | ||
| 245 | _aPrivatisation policy and power sector reforms: lessons from British experience for India | ||
| 260 | _c1997 | ||
| 300 | _ap.2350-358 | ||
| 362 | _a13 Sep | ||
| 650 | _aElectricity | ||
| 700 | _aKodwani, Devendra | ||
| 773 | _aEconomic and Political Weekly | ||
| 909 | _a35404 | ||
| 999 |
_c35404 _d35404 |
||